France National Football Team Players - Statistics

General Stats
  • This quiz has been taken 51 times
  • The average score is 17 of 26
Answer Stats
Position Club Player % Correct
ATT Real Madrid Kylian Mbappé
95%
ATT PSG Ousmane Dembélé
93%
ATT PSG Désiré Doué
86%
MID Real Madrid Eduardo Camavinga
86%
MID Real Madrid Aurélien Tchouaméni
81%
GK AC Milan Mike Maignan
81%
DEF Bayern Munich Dayot Upamecano
74%
DEF Liverpool Ibrahima Konaté
74%
ATT Inter Milan Marcus Thuram
74%
MID Manchester City Rayan Cherki
74%
DEF Al Hilal Théo Hernandez
74%
ATT Liverpool Hugo Ekitike
71%
DEF PSG Lucas Hernández
71%
MID Bayern Munich Michael Olise
71%
MID Fenerbahçe N'Golo Kanté
69%
GK PSG Lucas Chevalier
62%
DEF Aston Villa Lucas Digne
62%
ATT Tottenham Hotspur (loan from PSG) Randal Kolo Muani
60%
MID AC Milan Adrien Rabiot
55%
MID PSG Warren Zaïre-Emery
48%
DEF Crystal Palace Maxence Lacroix
45%
GK Stade Rennais Brice Samba
43%
DEF Chelsea Malo Gusto
43%
MID Roma Manu Koné
43%
DEF Juventus Pierre Kalulu
38%
MID Monaco Maghnes Akliouche
31%
No matching quizzes found
Score Distribution
Percent of People with Each Score
Percentile by Number Answered
Your Score History
You have not taken this quiz